| 000 | 00979cam a2200229 a 4500 | ||
|---|---|---|---|
| 020 | _a0821332902 | ||
| 082 | 0 | 0 |
_a363.7 _bMAI _cD |
| 100 | 1 |
_aMason, Jocelyn. _95770 |
|
| 245 | 1 | 0 |
_aMainstreaming the environment : _bthe World Bank Group and the environment since the Rio Earth Summit : fiscal 1995. |
| 260 |
_aWashington, D.C. : _bThe World Bank, _c1995. |
||
| 300 |
_axv, 301 p. : _bill. ; _c23 cm. |
||
| 500 | _a"This report was prepared by the Environment Department of the World Bank... the principal author was Jocelyn Mason"--T. p. verso. | ||
| 526 |
_a0 _b0 _c0 _d363_700000000000000_MAI |
||
| 650 | 0 |
_aAgriculture and state _xEnvironmental aspects. _95775 |
|
| 650 | 0 |
_aEconomic development projects _xEnvironmental aspects. _95773 |
|
| 650 | 0 |
_aEnvironmental impact analysis. _95774 |
|
| 650 | 0 |
_aEnvironmental impact analysis. _95774 |
|
| 650 | 0 |
_aEnvironmental policy _xEconomic aspects. _95381 |
|
| 650 | 0 |
_aMCE _9379 |
|
| 710 | 2 |
_aWorld Bank. _94999 |
|
| 942 |
_2ddc _cBK |
||
| 999 |
_c542773 _d542773 |
||